Oxford handbook of tropical medicine: from common problems to rare diseases- the essential resource for clinicians in the tropics (3rd ed.) (Record no. 32298)
[ view plain ]
| 000 -LEADER | |
|---|---|
| fixed length control field | 00852nam a2200193 a 4500 |
| 008 - FIXED-LENGTH DATA ELEMENTS--GENERAL INFORMATION | |
| fixed length control field | 120911s2008 ||||||||||||||||| || u |
| 020 ## - INTERNATIONAL STANDARD BOOK NUMBER | |
| International Standard Book Number | 978-0-19-9204090 |
| 050 ## - LIBRARY OF CONGRESS CALL NUMBER | |
| Classification number | RC 961.6 EDD |
| 100 ## - MAIN ENTRY--PERSONAL NAME | |
| Personal name | Eddleston, Michael |
| 245 10 - TITLE STATEMENT | |
| Title | Oxford handbook of tropical medicine: from common problems to rare diseases- the essential resource for clinicians in the tropics (3rd ed.) |
| Statement of responsibility, etc. | by Michael Eddleston [and others] |
| 250 ## - EDITION STATEMENT | |
| Edition statement | 3rd ed. |
| 260 ## - PUBLICATION, DISTRIBUTION, ETC. | |
| Place of publication, distribution, etc. | Oxford: |
| Name of publisher, distributor, etc. | Oxford University Press |
| Date of publication, distribution, etc. | 2008 |
| 300 ## - PHYSICAL DESCRIPTION | |
| Extent | xxvii, 843p.: ill. |
| 650 ## - SUBJECT ADDED ENTRY--TOPICAL TERM | |
| Topical term or geographic name entry element | TROPICAL MEDICINE |
| 650 ## - SUBJECT ADDED ENTRY--TOPICAL TERM | |
| Topical term or geographic name entry element | TROPICAL MEDICINE--HANDBOOKS, MANUALS, ETC |
| 700 ## - ADDED ENTRY--PERSONAL NAME | |
| Personal name | Davidson, Robert |
| 700 ## - ADDED ENTRY--PERSONAL NAME | |
| Personal name | Brent, Andrew |
| 995 ## - | |
| -- | MEDICAL LIBRARY OPEN ACCESS |
| -- | 901846 |
| -- | CBU-SCHOOL OF MEDICINE LIBRARY (Ndola) |
| -- | OTL RC 961.6 EDD |
| -- | 1 |
| -- | AVAILABLE |
| -- | Oct 16, 2012 |
| -- | 901846 |
| -- | Medical Library Open Access Collection |
| 999 ## - | |
| -- | 32298 |
| -- | 32298 |
| Withdrawn status | Lost status | Source of classification or shelving scheme | Damaged status | Not for loan | Permanent Location | Current Location | Shelving location | Date acquired | Total Checkouts | Full call number | Barcode | Date last seen | Price effective from | Koha item type |
|---|---|---|---|---|---|---|---|---|---|---|---|---|---|---|
| CBU-SCHOOL OF MEDICINE LIBRARY, NDOLA. | CBU-SCHOOL OF MEDICINE LIBRARY, NDOLA. | 11/30/2022 | RC 961.6 EDD | 901846 | 11/30/2022 | 11/30/2022 | MONOGRAPH |